The importance of the statutory payment notice in adjudication (Record no. 67424)

MARC details
000 -LEADER
fixed length control field 01492cam a2200241 4500
001 - CONTROL NUMBER
control field X113214
008 - FIXED-LENGTH DATA ELEMENTS--GENERAL INFORMATION
fixed length control field 000000n2001 000 0 eng u
035 ## - SYSTEM CONTROL NUMBER
System control number (Sirsi) u113214
100 ## - MAIN ENTRY--PERSONAL NAME
Personal name Brewer, G.
245 #4 - TITLE STATEMENT
Title The importance of the statutory payment notice in adjudication
260 ## - PUBLICATION, DISTRIBUTION, ETC.
Date of publication, distribution, etc. 2001
490 ## - SERIES STATEMENT
Series statement Contract Journal
Volume/sequential designation 408(6329) 31 May 2001, 57(1)
520 ## - SUMMARY, ETC.
Summary, etc. Discusses the importance of payment notices under the Housing Grants, Construction and Regeneration Act 1996 s110(2), which requires the paying party to issue a notice specifying the amount of the payment and the basis on which it is calculated within five days of it becoming due. Payment is usually only made in respect of works properly carried out but in "LPL Electrical services Ltd v Kershaw Mechanical Services Ltd" Kershaw's failure to issue a payment notice in respect of an application led an arbitrator to decide that it was required to pay the application in full, a decision which the Court ruled it did not have the power to overturn.
650 ## - SUBJECT ADDED ENTRY--TOPICAL TERM
Topical term or geographic name entry element MANAGEMENT-DISPUTE AVOIDANCE, MANAGEMENT AND RESOLUTION-DISPUTE MANAGEMENT AND RESOLUTION-ARBITRATION
650 ## - SUBJECT ADDED ENTRY--TOPICAL TERM
Topical term or geographic name entry element DEFECTS
650 ## - SUBJECT ADDED ENTRY--TOPICAL TERM
Topical term or geographic name entry element HOUSING GRANTS CONSTRUCTION AND REGENERATION ACT 1996 S110(2)
650 ## - SUBJECT ADDED ENTRY--TOPICAL TERM
Topical term or geographic name entry element LPL ELECTRICAL SERVICES LTD V KERSHAW MECHANICAL SERVICES LTD
650 ## - SUBJECT ADDED ENTRY--TOPICAL TERM
Topical term or geographic name entry element PAYMENT NOTICES
650 ## - SUBJECT ADDED ENTRY--TOPICAL TERM
Topical term or geographic name entry element STATUTORY PAYMENT NOTICES
650 ## - SUBJECT ADDED ENTRY--TOPICAL TERM
Topical term or geographic name entry element WITHHOLDING NOTICES
690 ## - LOCAL SUBJECT ADDED ENTRY--TOPICAL TERM (OCLC, RLIN)
Topical term or geographic name as entry element BUILDING AND CONSTRUCTION-CASE LAW
942 ## - ADDED ENTRY ELEMENTS (KOHA)
Suppress in OPAC 0
Holdings
Withdrawn status Lost status Source of classification or shelving scheme Damaged status Not for loan Home library Current library Shelving location Date acquired Total Checkouts Full call number Barcode Date last seen Copy number Price effective from Koha item type
    Dewey Decimal Classification     London London Journal article 21/06/2001   X113214 113214-1001 06/08/2019 1 06/08/2019 Journal article